UM Logo

Medical surgical nursing : (Record no. 3295)

MARC details
000 -LEADER
fixed length control field 00634nam a2200181 4500
008 - FIXED-LENGTH DATA ELEMENTS--GENERAL INFORMATION
fixed length control field 160707b xxu||||| |||| 00| 0 eng d
020 ## - INTERNATIONAL STANDARD BOOK NUMBER
International Standard Book Number 9812471316
082 ## - DEWEY DECIMAL CLASSIFICATION NUMBER
Edition number 2004
Classification number DC 610.73076
Item number L54m
100 ## - MAIN ENTRY--PERSONAL NAME
9 (RLIN) 10988
Personal name Lemone, Priscilla
245 ## - TITLE STATEMENT
Title Medical surgical nursing :
Remainder of title critical thinking in client care, Volume 2/
Statement of responsibility, etc. Priscilla Lemone and Karen Burke.
250 ## - EDITION STATEMENT
Edition statement 3rd Edition
260 ## - PUBLICATION, DISTRIBUTION, ETC. (IMPRINT)
Place of publication, distribution, etc. New Jersey:
Name of publisher, distributor, etc. Pearson Prentice Hall,
Date of publication, distribution, etc. c2004.
300 ## - PHYSICAL DESCRIPTION
Extent xlv, 1632+various paging:
Other physical details illustrations;
Dimensions 26 cm.
500 ## - GENERAL NOTE
General note Includes index.<br/>
650 #0 - SUBJECT ADDED ENTRY--TOPICAL TERM
9 (RLIN) 10991
Topical term or geographic name as entry element Surgical nursing
700 ## - ADDED ENTRY--PERSONAL NAME
9 (RLIN) 10992
Personal name Burke, Karen
942 ## - ADDED ENTRY ELEMENTS (KOHA)
Source of classification or shelving scheme Dewey Decimal Classification
Koha item type Circulation
Holdings
Withdrawn status Lost status Source of classification or shelving scheme Materials specified (bound volume or other part) Damaged status Not for loan Collection code Home library Current library Date acquired Source of acquisition Total Checkouts Full call number Barcode Date last seen Copy number Price effective from Koha item type
    Dewey Decimal Classification Vol. 2     Circulation UM Digos College - LIC UM Digos College - LIC 07/07/2016 Replacement   DC 610.73076 L54m 2004 18386 04/14/2025 1 07/07/2016 Circulation
    Dewey Decimal Classification Vol. 2     Circulation UM Digos College - LIC UM Digos College - LIC 11/25/2005 Purchased   DC 610.73076 L54m 2004 18387 04/14/2025 2 07/07/2016 Circulation